Statistics for Carolina Panthers: Most Passing TDs Each Year

Click here to take the quiz!

General Stats

  • This quiz has been taken 104 times
    (13 since last reset)
  • The average score is 20 of 26

Answer Stats

YearPlayerTDs% Correct
2018Cam Newton24
100%
2017Cam Newton22
100%
2016Cam Newton19
100%
2015Cam Newton35
100%
2014Cam Newton18
100%
2013Cam Newton24
100%
2012Cam Newton19
100%
2011Cam Newton21
100%
2020Teddy Bridgewater15
92%
2009Jake Delhomme / Matt Moore8
77%
2019Kyle Allen17
77%
2008Jake Delhomme15
77%
2007Jake Delhomme8
77%
2006Jake Delhomme17
77%
2005Jake Delhomme24
77%
2004Jake Delhomme29
77%
2003Jake Delhomme19
77%
1996Kerry Collins14
62%
2000Steve Beuerlein19
62%
1999Steve Beuerlein36
62%
1998Steve Beuerlein17
62%
1997Kerry Collins11
62%
1995Kerry Collins14
62%
2010Matt Moore5
54%
2002Rodney Peete15
15%
2001Chris Weinke11
15%

Score Distribution

Percentile by Number Answered

Percent of People with Each Score

Your Score History

You have not taken this quiz since the last reset